The southern expansion of the Chinese people: Southern fields and southern ocean
Contents: A history of the expansion and recession of Chinese influence in Yunnan and all of Southeast Asia, resulting in massive immigration of Chinese into these areas. Economic, cultural, and political effects of this migration is studied
Đã lưu trong:
| 主要作者: | |
|---|---|
| 格式: | 圖書 |
| 語言: | Undetermined |
| 出版: |
London
Barrie and Jenkins
1972
|
| 主題: | |
| 標簽: |
添加標簽
沒有標簽, 成為第一個標記此記錄!
|
| Thư viện lưu trữ: | Trung tâm Học liệu Trường Đại học Cần Thơ |
|---|
| LEADER | 00935nam a2200241Ia 4500 | ||
|---|---|---|---|
| 001 | CTU_221943 | ||
| 008 | 210402s9999 xx 000 0 und d | ||
| 082 | |a 301.2951 | ||
| 082 | |b F553 | ||
| 100 | |a Fitzgerald, C. P. | ||
| 245 | 4 | |a The southern expansion of the Chinese people: | |
| 245 | 0 | |b Southern fields and southern ocean | |
| 245 | 0 | |c by C. P. FitzGerald | |
| 260 | |a London | ||
| 260 | |b Barrie and Jenkins | ||
| 260 | |c 1972 | ||
| 520 | |a Contents: A history of the expansion and recession of Chinese influence in Yunnan and all of Southeast Asia, resulting in massive immigration of Chinese into these areas. Economic, cultural, and political effects of this migration is studied | ||
| 650 | |a China,Trung Quốc | ||
| 650 | |x Relations,Quan hệ | ||
| 650 | |y Đông Nam Á | ||
| 650 | |z Southeast Asia | ||
| 904 | |i Tô Chánh Trung, Tuyến | ||
| 980 | |a Trung tâm Học liệu Trường Đại học Cần Thơ | ||